书目信息 |
| 题名: |
食品安全预警体系研究
|
|
| 作者: | 程景民 著 | |
| 分册: | ||
| 出版信息: | 北京 经济日报出版社 2014 |
|
| 页数: | 228页 | |
| 开本: | 25cm | |
| 丛书名: | 学术之星文库 | |
| 单 册: | ||
| 中图分类: | TS201.6 | |
| 科图分类: | ||
| 主题词: | 食品安全--研究--中国 | |
| 电子资源: | ||
| ISBN: | 978-7-80257-696-4 | |
| 000 | 01202oam2 2200265 450 | |
| 001 | 012015000449 | |
| 005 | 20150911084212.14 | |
| 010 | @a978-7-80257-696-4@b精装@dCNY68.00 | |
| 100 | @a20141110d2014 em y0chiy50 ea | |
| 101 | 0 | @achi |
| 102 | @aCN@b110000 | |
| 105 | @ay z 000yy | |
| 106 | @ar | |
| 200 | 1 | @a食品安全预警体系研究@Ashi pin an quan yu jing ti xi yan jiu@f程景民著 |
| 210 | @a北京@c经济日报出版社@d2014 | |
| 215 | @a228页@d25cm | |
| 225 | 1 | @a学术之星文库 |
| 300 | @a山西省科技厅软科学研究项目资助 国家社会科学基金项目资助 | |
| 330 | @a本书在综述规制理论的发展并对食品安全规制进行分析的基础上,介绍了食品安全预警的概念、分类、特征、功能、作用、意义;对国内外研究的现状及应用进行了分析和对比研究;阐述了食品安全预警的基本原理、构建的指标体系及设计原则;对食品安全预警的各种分析方法进行了介绍;对学校食堂、功能性食品、转基因食品等预警的实施进行了实证研究分析;最后就完善我国食品安全监管体制、建立健全食品安全追溯制度、不断完善食品安全召回制度等提出了建议。 | |
| 461 | 0 | @12001 @a学术之星文库 |
| 606 | 0 | @a食品安全@x研究@y中国 |
| 690 | @aTS201.6@v5 | |
| 701 | 0 | @a程景民@Acheng jing min@f(1963-)@4著 |
| 801 | 0 | @aCN@b碧洲教育@c20150716 |
| 905 | @a10447@f4@dTS201.6@e174 | |
| 食品安全预警体系研究/程景民著.-北京:经济日报出版社,2014 |
| 228页;25cm.-(学术之星文库) |
| 山西省科技厅软科学研究项目资助 国家社会科学基金项目资助 |
| ISBN 978-7-80257-696-4(精装):CNY68.00 |
| 本书在综述规制理论的发展并对食品安全规制进行分析的基础上,介绍了食品安全预警的概念、分类、特征、功能、作用、意义;对国内外研究的现状及应用进行了分析和对比研究;阐述了食品安全预警的基本原理、构建的指标体系及设计原则;对食品安全预警的各种分析方法进行了介绍;对学校食堂、功能性食品、转基因食品等预警的实施进行了实证研究分析;最后就完善我国食品安全监管体制、建立健全食品安全追溯制度、不断完善食品安全召回制度等提出了建议。 |
| ● |
| 相关链接 |
|
|
|
|
正题名:食品安全预警体系研究
索取号:TS201.6/174
 
预约/预借
| 序号 | 登录号 | 条形码 | 馆藏地/架位号 | 状态 | 备注 |
| 1 | 0849314 | 208493147 | 第二样本阅览室/ [索取号:TS201.6/174] | 在馆 | |
| 2 | 0849315 | 208493156 | 第三借阅区/ [索取号:TS201.6/174] | 在馆 | |
| 3 | 0849316 | 208493165 | 第三借阅区/ [索取号:TS201.6/174] | 在馆 | |
| 4 | 0849317 | 208493174 | 密集书库-生命科学系/ [索取号:TS201.6/174] | 在馆 |